| 000 | 00701nam a2200229 i 4500 | ||
|---|---|---|---|
| 001 | bg | ||
| 100 | 1 | _aDobrzyński, Maciej Dariusz. | |
| 245 | 1 | 0 |
_aLogistyka / _cMaciej Dobrzyński ; Politechnika Białostocka. |
| 260 |
_aBiałystok : _bDział Wydawnictw i Poligrafii PB, _c1999. |
||
| 300 |
_a190 s. : _bmapy, wykr. ; _c23 cm. |
||
| 500 | _aU dołu okł. : 50 lat Politechniki Białostockiej. | ||
| 650 | 9 | _aLogistyka gospodarcza | |
| 655 | _aPodręczniki akademickie | ||
| 710 | 0 | _aPolitechnika Białostocka | |
| 020 | _a8386272902 | ||
| 040 | _cBPK | ||
| 041 | 0 | _apl | |
| 080 | _a658.1/.5(075.8) | ||
| 920 | _a83-86272-90-2 | ||
| 942 | _cKS | ||
| 008 | s pl f |000 0 pol | ||
| 999 |
_c37840 _d37840 |
||
| 856 |
_uhttp://koha.tu.koszalin.pl/cgi-bin/koha/opac-detail.pl?biblionumber=37840 _yKatalog online BPK |
||